00767nam a2200253 a 4500001001300000003000900013005001700022008004100039020001000080082001900090100002700109245002200136260005900158300000800217500003500225505005000260650001100310650001600321700002700337902000800364942000700372952011900379999001500498nice12345678IN_TiNIC20260116011442.0050524s1960 lona grp 000 0 eng  ac10000a306.80230bBRO aBrown, Leslie Winifred aChristian Family. aLondonbUnited for Christian Lit.Lutterworth Prec1960 a80p aincludes index and biblioraphy2 aacademy of islamic research and publications. aFamily aFamily-Love1 aBrown, Leslie Winifred bSRS cBK 001040708StackRoom-aHMIbHMId2007-04-05g100.00l0o306.80230 BROp02511r2007-04-05v100.00w2005-05-24yBK c1664d1664